Une histoire des cours princières : De Lisbonne à Saint-Pétersbourg XVIIe-XVIIIe siècle (notice n° 1643487)

détails MARC
000 -LEADER
fixed length control field 01686cam a2200145 4500500
005 - DATE AND TIME OF LATEST TRANSACTION
control field 20260208000026.0
041 ## - LANGUAGE CODE
Language code of text/sound track or separate title fre
042 ## - AUTHENTICATION CODE
Authentication code dc
100 10 - MAIN ENTRY--PERSONAL NAME
Personal name Hassler, Éric
Relator term author
245 00 - TITLE STATEMENT
Title Une histoire des cours princières : De Lisbonne à Saint-Pétersbourg XVIIe-XVIIIe siècle
260 ## - PUBLICATION, DISTRIBUTION, ETC.
Name of publisher, distributor, etc. Armand Colin,<br/>
Date of publication, distribution, etc. 2025.<br/>
520 ## - SUMMARY, ETC.
Summary, etc. The Crown, Les Tudors, Versailles, Victoria... La multiplication des séries à succès exploitant un univers peuplé de rois et de courtisans montre la persistance de l’engouement du public pour les cours princières, à tel point que celles-ci constituent désormais l’une des principales clefs d’entrée fictionnelles dans l’histoire européenne. Si elles apparaissent comme des objets centraux des imaginaires nationaux, et ce parce qu’elles furent des institutions centrales des monarchies d’Ancien Régime, elles n’ont pourtant jamais fait l’objet d’une approche globale en français. De Lisbonne à Saint-Pétersbourg, cet ouvrage, qui se fonde sur de nombreux travaux scientifiques, propose un voyage à travers les cours princières des XVII et XVIIIe siècles à l’époque où le phénomène atteint sa maturité bien au-delà du seul cas versaillais. Entre homogénéisation transnationale d’une culture de cour et dynamiques singulières, ces microcosmes qui furent aussi des lieux de rencontres offrent une voie originale pour explorer de manière concrète et vivante les sociétés et les systèmes de pouvoir de l’Europe moderne.
700 10 - ADDED ENTRY--PERSONAL NAME
Personal name Lemaigre-Gaffier, Pauline
Relator term author
856 41 - ELECTRONIC LOCATION AND ACCESS
Uniform Resource Identifier <a href="https://shs.cairn.info/une-histoire-des-cours-princieres--9782200621353?lang=fr&redirect-ssocas=7080">https://shs.cairn.info/une-histoire-des-cours-princieres--9782200621353?lang=fr&redirect-ssocas=7080</a>

Pas d'exemplaire disponible.

PLUDOC

PLUDOC est la plateforme unique et centralisée de gestion des bibliothèques physiques et numériques de Guinée administré par le CEDUST. Elle est la plus grande base de données de ressources documentaires pour les Étudiants, Enseignants chercheurs et Chercheurs de Guinée.

Adresse

627 919 101/664 919 101

25 boulevard du commerce
Kaloum, Conakry, Guinée

Réseaux sociaux

Powered by Netsen Group @ 2025